100 najliczniejszych ptaków w Polsce - Statystyki

Ogólne statystyki
  • Ten quiz został rozwiązany 496 razy
  • Średni wynik to 25 z 100
Statystyki odpowiedzi
Miejsce Ptak % Poprawnych
2. wróbel
94%
91. gil
65%
49. sroka
64%
10. kos
56%
57. gawron
55%
58. kawka
50%
42. sójka
50%
12. szpak
49%
48. bażant
47%
1. skowronek
46%
92. bocian biały
45%
3. zięba
45%
5. bogatka
40%
56. krzyżówka
40%
67. kukułka
40%
90. myszołów
38%
47. wilga
37%
71. kuropatwa
36%
18. mazurek
35%
11. rudzik
35%
16. modraszka
33%
75. jerzyk
31%
28. szczygieł
31%
79. czajka
30%
88. czyż
30%
33. dzięcioł duży
30%
62. gołąb miejski
29%
37. mysikrólik
29%
13. dymówka
27%
41. oknówka
27%
83. puszczyk
27%
31. sierpówka
27%
6. trznadel
27%
82. wrona siwa
27%
100. dzięcioł czarny
26%
29. grzywacz
26%
44. kowalik
26%
43. czubatka
25%
89. łyska
25%
32. pliszka siwa
25%
52. pleszka
24%
20. kopciuszek
23%
27. kwiczoł
23%
14. pliszka żółta
23%
76. przepiórka
23%
77. raniuszek
22%
61. sikora uboga
22%
22. dzwoniec
21%
25. makolągwa
21%
30. sosnówka
21%
60. brzegówka
20%
55. czarnogłówka
20%
9. pierwiosnek
20%
80. śmieszka
20%
21. śpiewak
20%
72. trzciniak
20%
26. gąsiorek
18%
50. grubodziób
18%
4. kapturka
18%
7. piecuszek
18%
15. potrzeszcz
18%
40. potrzos
18%
65. słowik szary
18%
66. trzcinniczek
18%
96. turkawka
18%
45. lerka
17%
68. paszkot
17%
54. pełzacz leśny
17%
35. piegża
17%
19. pokląskwa
17%
64. słowik rdzawy
17%
34. strzyżyk
17%
69. zniczek
17%
51. muchołówka szara
16%
8. cierniówka
15%
98. dziwonia
15%
73. kląskawka
15%
36. kulczyk
15%
63. muchołówka żałobna
15%
95. pełzacz ogrodowy
15%
24. łozówka
14%
59. ortolan
14%
53. rokitniczka
14%
97. derkacz
13%
39. gajówka
13%
78. jarzębatka
13%
87. krętogłów
13%
93. srokosz
13%
23. świergotek drzewny
13%
17. świstunka leśna
13%
38. zaganiacz
13%
86. muchołówka mała
12%
46. świergotek łąkowy
12%
84. kszyk
11%
81. muchołówka białoszyja
11%
94. brzęczka
10%
99. strumieniówka
10%
85. białorzytka
9%
70. pokrzywnica
8%
74. świerszczak
8%
Nie znaleziono quizów pasujących do podanych kryteriów
Rozkład punktacji
Procent ludzi z każdym wynikiem
Percentyl według liczby udzielonych odpowiedzi
Twoja historia wyników
Nie rozwiązałeś tego quizu